Analysis for Financial Management (Record no. 7567)

MARC details
000 -LEADER
fixed length control field 00639nam a22002057a 4500
003 - CONTROL NUMBER IDENTIFIER
control field OSt
005 - DATE AND TIME OF LATEST TRANSACTION
control field 20211206101444.0
008 - FIXED-LENGTH DATA ELEMENTS--GENERAL INFORMATION
fixed length control field 211206b ||||| |||| 00| 0 eng d
020 ## - INTERNATIONAL STANDARD BOOK NUMBER
International Standard Book Number 9789814670159
040 ## - CATALOGING SOURCE
Transcribing agency DDC
082 ## - DEWEY DECIMAL CLASSIFICATION NUMBER
Classification number 658.15 HIG2016
100 ## - MAIN ENTRY--PERSONAL NAME
Personal name Robert C. Higgins Jennifer L. Koski ; Todd,Mitton.
9 (RLIN) 15484
245 ## - TITLE STATEMENT
Title Analysis for Financial Management
250 ## - EDITION STATEMENT
Edition statement Eleventh edition
260 ## - PUBLICATION, DISTRIBUTION, ETC. (IMPRINT)
Place of publication, distribution, etc. New York :
Name of publisher, distributor, etc. McGraw-Hill;
Date of publication, distribution, etc. 2016,
300 ## - PHYSICAL DESCRIPTION
Extent xiv, 450 pages :
Other physical details illustrations ;
Dimensions 24 cm.
504 ## - BIBLIOGRAPHY, ETC. NOTE
Bibliography, etc Includes bibliographical references and index.
650 ## - SUBJECT ADDED ENTRY--TOPICAL TERM
Topical term or geographic name as entry element Corporations -- Finance.
9 (RLIN) 15485
942 ## - ADDED ENTRY ELEMENTS (KOHA)
Source of classification or shelving scheme Dewey Decimal Classification
Koha item type Book
Holdings
Withdrawn status Lost status Source of classification or shelving scheme Damaged status Not for loan Home library Current library Date acquired Source of acquisition Inventory number Total Checkouts Full call number Barcode Date last seen Price effective from Koha item type
    Dewey Decimal Classification     Faculty of Management Science Library Faculty of Management Science Library 06/12/2021 Purchase 17/40179   658.15 HIG2016 2021-2042 06/12/2021 06/12/2021 Book
    Dewey Decimal Classification     Faculty of Management Science Library Faculty of Management Science Library 25/03/2022 Purchase 17/40178   658.15 HIG2016 2022-0570 25/03/2022 25/03/2022 Book